000 00799ntaaa2200205 4500
003 01
005 20251027202601.0
008 0714s1973 ag 01
040 _aAR-BaBN
_bspa
_cAR-BaBN
_eaacr
_dRIC
082 _a309.2600 M91
100 _aMumford, Lewis
_924955
245 _aLa ciudad en la historia
250 _a1 ed.
260 _aBuenos Aires :
_bEdiciones Infinito,
_cc1966
300 _a2 tomos
500 _aSe desarrolla a través de las sucesivas culturas urbanas: Egipto, Mesopotamia, Gregia, Roma, los monasterios y las ciudades medievales, el centralismo renacentista, los nacientes centros industriales, para concluir con el tumultuoso período moderno del poder nuclear.Contiene amplia bibliografía.
650 _aciudades
650 _asuburbios-historia
_924956
942 _cBK
999 _c20933
_d20933